00838nam a2200313Ia 4500008004100000040001000041082003100051082001500082100002500097245005700122250000800179260001400187260002200201260000900223300000800232300000600240300001400246530001300260530001700273563001000290600002500300630005700325650001100382650001900393700002500412730005700437942000900494999002100503160716s9999||||xx |||||||||||||| ||und|| cHindi avii.A (author) ashvaghosha bBORI-94340 aKishwar jabi nasreen aAshvaghosh ki krutiyon me chitrit bhartiya sanskruti b1st aIllahabad bHindustan academy c1983 a166 cB ePaperback bR. S. S. u00094340.pdf aStudy aKishwar jabi nasreen aAshvaghosh ki krutiyon me chitrit bhartiya sanskruti aAuthor aClassical lit. aKishwar jabi nasreen aAshvaghosh ki krutiyon me chitrit bhartiya sanskruti cBOOK c1399471d1399468